000
00314nam a2200121Ia 4500
005
20251222144756.0
008
251222s9999||||xx |||||||||||||| ||spa||
082
_a
070.194/G57
100
_a
Gogin Sias, Paul
245
0
_a
Periodismo Radial II
264
_b
Escuela de Periodismo Jaime Bausate y Mesa
942
_c
LIB
999
_c
19525
_d
19525